Countries of America by Name Length - Statistics

General Stats
  • This quiz has been taken 92 times
  • The average score is 26 of 35
Answer Stats
First Letter Answer No. of Letters % Correct
C Cuba 4
100%
P Peru 4
99%
H Haiti 5
95%
C Chile 5
93%
U Uruguay 7
84%
B Brazil 6
83%
E Ecuador 7
77%
P Paraguay 8
77%
V Venezuela 9
77%
B Belize 6
76%
J Jamaica 7
76%
M Mexico 6
75%
A Argentina 9
73%
C Canada 6
73%
D Dominica 8
73%
G Guyana 6
73%
H Honduras 8
73%
N Nicaragua 9
73%
C Colombia 8
72%
G Guatemala 9
72%
A Antigua and Barbuda 17
71%
B Bolivia 7
71%
P Panama 6
71%
B Bahamas 7
69%
U United States of America 21
68%
S Saint Kitts and Nevis 18
67%
S Saint Vincent & the Grenadines 28
67%
T Trinidad and Tobago 17
65%
D Dominican Republic 17
64%
G Grenada 7
61%
S Suriname 8
61%
B Barbados 8
60%
E El Salvador 10
57%
S Saint Lucia 10
56%
C Costa Rica 9
55%
No matching quizzes found
Score Distribution
Percent of People with Each Score
Percentile by Number Answered
Your Score History
You have not taken this quiz